000 00588nam a2200241Ia 4500
003 OSt
005 20220924150114.0
006 a|||||r|||| 00| 0
007 ta
008 220923b |||||||| |||| 00| 0 tel d
020 _c9.00
024 _a331805
037 _cTextual
040 _aARTS
_cARTS
_btel
041 _2tel
_atel
082 _a035:g, L2
100 _aSdonappa Au.
_9221277
245 0 _aBhasha charitraka vyasavali
260 _c1972
650 _aTELUGU LITERATURE
942 _h035:g, L2
_cTEXL
_2CC
999 _c462217
_d462217